Представление документа в формате RUSMARC

ПолеНазваниеЗначение
  Тип записи a
  Библиографический уровень a
001 Контрольный номер RU/CBS_Ul/BASE/442924085
005 Дата корректировки 20250124011038.5
100 Данные общей обработки __
a Данные общей обработки 20140113d2014 ||| 0rusy0179 ca
101 Язык документа 0_
a Язык текста rus
102 Страна публикации __
a Страна публикации RU
105 Кодированные данные (монография) __
a Кодированные данные (монография) y###||||000|y
200 Заглавие и сведения об ответственности 1_
a Заглавие Он просто выполнял солдатский долг
b Общее обозначение материала Текст
e Сведения, относящиеся к заглавию [Григорий Яковлевич Тельнов - герой Первой мировой войны]
300 Общие примечания __
a Общие примечания Ограничения по возрасту 16+
461 Уровень набора _0
1 2000
a Народная газета
463 Уровень физической единицы _0
1 001RU/CBS_Ul/BASE/442923886
1 2000
a №48 (27 нояб.)
v С. 21
1 210
d 2013
600 Персоналии _0
a Персоналии (Фамилия) Тельнов
b Персоналии (Имя, инициалы) Г.Я.
606 Тематические рубрики 0_
a Основная рубрика Первая мировая война - 1914 - 1918 - Герои и героизм - Симбирская губерния
610 Ключевые слова 0_
a Ключевые слова Первая мировая война
a Ключевые слова участники Первой мировой войны
686 Индексы других классификаций __
a Классификационный индекс 63.3(2)524
2 Код системы ББК
801 Источник записи _0
a Страна RU
b Организация МБУК ЦБС г. Ульяновска
c Дата составления 20140113
g Правила каталогизации RCR
801 Источник записи _1
a Страна RU
b Организация МБУК ЦБС г. Ульяновска
c Дата составления 20140113
g Правила каталогизации RCR
901 Тип документа __
t Тип документа f
w Контрольный № источника RU/CBS_Ul/BASE/442923886
910 Корректоры записи __
a Корректор записи admin2
938 Служебная информация __
a Имя БД kraeved